Statistics for Moana 'How Far I'll Go' Lyrics

Click here to take the quiz!

General Stats

  • This quiz has been taken 4,317 times
  • The average score is 40 of 46

Answer Stats

LyricsLyrics% Correct
I've been staring at the edge of the ____water
99%
I wish I could be the perfect ____daughter
98%
No matter how ____ I tryhard
98%
Long as I can ____, not really knowing whyremember
98%
Every turn I ___take
98%
How ___ it goesfar
96%
Where I can not __go
96%
I ____ everybody on this islandknow
96%
It ___ mecalls
94%
I know, everybody on this ____island
94%
And no one ____knows
94%
To the _____ I knowplace
94%
One ___ I'll knowday
92%
Every path I ___make
92%
But no ___ knowsone
92%
Stays _____ mebehind
91%
But I ___ back to the watercome
91%
Every ___ leads backroad
91%
What is ____ with me?wrong
91%
Seems so ____ on this islandhappy
90%
If the wind in my ___ on the seasail
90%
One day I'll know ___ far I'll gohow
88%
See the ___ where the sky meets the sealine
88%
If the wind in my sail on the __sea
88%
Though I ___ to belong
87%
So maybe I can role with ___mine
87%
And __ one knowsno
87%
Has a ___ on this islandrole
87%
Everything is by ____design
85%
How far __ goI'll
85%
Every trail I ___track
85%
But the voice inside sings a ____ songdifferent
84%
I can lead with ___pride
83%
___ behind meStays
83%
I can make us ____strong
83%
___ the line where the sky meets the seaSee
82%
It seems like it's ____ out to mecalling
80%
Will I ___ that line?cross
80%
See the light as it ___ on the seashines
80%
It's _____blinding
79%
And ___ me knowlet
79%
So come ____ mefind
78%
If I ___ alongplay
78%
I'll be _____satisfied
77%
How ____ it goesdeep
76%
What's ____ that linebeyond
72%

Score Distribution

Percentile by Number Answered

Percent of People with Each Score

Your Score History

You have not taken this quiz